Spire Property Development LLP v Withers LLP (Record no. 121997)
[ view plain ]
| 000 -LEADER | |
|---|---|
| fixed length control field | 01411naa a22002057a 4500 |
| 007 - PHYSICAL DESCRIPTION FIXED FIELD--GENERAL INFORMATION | |
| fixed length control field | c| aa aaaaa |
| 008 - FIXED-LENGTH DATA ELEMENTS--GENERAL INFORMATION | |
| fixed length control field | 240916e20220722xxk||||osv|||o00| 0 eng d |
| 041 ## - LANGUAGE CODE | |
| Language code of text/sound track or separate title | eng |
| 245 ## - TITLE STATEMENT | |
| Title | Spire Property Development LLP v Withers LLP |
| 260 ## - PUBLICATION INFORMATION | |
| Place of publication | [2022] EWCA Civ 970 |
| Publisher | Court of Appeal |
| Date | 19 July 2022 |
| 520 ## - ABSTRACT | |
| Abstract | Appeal by Withers against an earlier decision in the Chancery Division that they had acted negligently in advising property developers about electricity cables beneath properties they had purchased. The cables had not been discovered through searches during the conveyancing process. It was held that a solicitor owes no duty to go beyond the scope of their express instructions and give advice in relation to other matters and no obligation to advise on the Developers' rights and remedies against UKPN in relation to the HVCs. Withers did not assume legal responsibility to the Developers to advise on the legal position if UKPN did not have documentation in support of its right to lay cables through the Properties and/or in respect of their rights generally against UKPN. |
| 650 ## - KEYWORDS | |
| Keywords | CONVEYANCING |
| 650 ## - KEYWORDS | |
| Keywords | ELECTRICITY CABLES |
| 650 ## - KEYWORDS | |
| Keywords | HIGH VOLTAGE CABLES |
| 650 ## - KEYWORDS | |
| Keywords | PROFESSIONAL LIABILITY |
| 650 ## - KEYWORDS | |
| Keywords | JUDGMENT |
| 651 ## - SUBJECT ADDED ENTRY--GEOGRAPHIC NAME | |
| Geographic name | United Kingdom |
| 690 ## - LOCAL SUBJECT ADDED ENTRY--TOPICAL TERM (OCLC, RLIN) | |
| Topical term or geographic name as entry element | Planning and development |
| 9 (RLIN) | 6259 |
| 856 ## - ONLINE RESOURCE | |
| Uniform Resource Identifier | https://www.bailii.org/ew/cases/EWCA/Civ/2022/970.html |
| Public note | Available from BAILII |
| Withdrawn status | Lost status | Damaged status | Koha normalized classification for sorting | Not for loan | Home library | Current library | Shelving location | Date acquired | Total Checkouts | Full call number | Date last seen | Price effective from | Koha item type |
|---|---|---|---|---|---|---|---|---|---|---|---|---|---|
| ONLINE_JUDGMENT | Virtual | Virtual | Online | 16/09/2024 | ONLINE JUDGMENT | 16/09/2024 | 16/09/2024 | Law report |